Pirometalurgia del cobre y comportamiento de sistemas fundidos
Αποθηκεύτηκε σε:
| Κύριοι συγγραφείς: | , |
|---|---|
| Μορφή: | Βιβλίο |
| Γλώσσα: | Ισπανικά |
| Έκδοση: |
Concepción
Universidad de Concepción
2006
|
| Θέματα: | |
| Ετικέτες: |
Προσθήκη ετικέτας
Δεν υπάρχουν, Καταχωρήστε ετικέτα πρώτοι!
|
MARC
| LEADER | 00000cam a2200000 a 4500 | ||
|---|---|---|---|
| 001 | UCG8245 | ||
| 003 | CL-VaPUC | ||
| 008 | 111202e20060000CL |||||||||||||||||spa|d | ||
| 020 | |a 9568029699 | ||
| 082 | 0 | 4 | |a 669.0282 |b SAN |2 21 |
| 100 | 0 | |a Sánchez Medina, Mario A |e author |9 559171 | |
| 700 | 0 | |a Imris, Iván |e author |9 559172 | |
| 245 | 1 | 0 | |a Pirometalurgia del cobre y comportamiento de sistemas fundidos |
| 300 | |a 140 p | ||
| 942 | |c BK | ||
| 945 | |d 20111202 00:00:00 |a cmena | ||
| 260 | |a Concepción |b Universidad de Concepción |c 2006 | ||
| 650 | 0 | |a Metalurgia |9 263720 | |
| 650 | 0 | |a Cobre |9 255767 | |
| 650 | 7 | |a PROPIEDADES FISICO-QUIMICAS |2 CL-VaPUC |9 460879 | |
| 650 | 7 | |a ESCORIAS |2 CL-VaPUC |9 559173 | |
| 583 | |a last modification |c 20111202 14:14:00 |k Rodrigo Vera | ||
| 999 | |c 345865 |d 345863 | ||
| 952 | |0 0 |1 0 |4 0 |6 669_028200000000000_SAN_2006 |7 0 |8 A |9 446221 |a BIBING |b BIBING |d 2019-11-22 |i 4810791 |o 669.0282 SAN 2006 |p 4810791 |r 2025-01-20 |w 2019-11-22 |y BK |k EIQ | ||
| 952 | |0 0 |1 0 |4 0 |6 669_028200000000000_SAN_2006 |7 0 |8 A |9 446222 |a BIBING |b BIBING |d 2019-11-22 |i 4810805 |o 669.0282 SAN 2006 |p 4810805 |r 2023-03-02 |w 2019-11-22 |y BK |k EIQ | ||
| 952 | |0 0 |1 0 |4 0 |6 669_028200000000000_SAN_2006 |7 0 |8 A |9 446223 |a BIBING |b BIBING |d 2019-11-22 |i 4810813 |o 669.0282 SAN 2006 |p 4810813 |r 2025-01-20 |w 2019-11-22 |y BK |k EIQ | ||
| 952 | |0 0 |1 0 |4 0 |6 669_028200000000000_SAN_2006 |7 0 |8 A |9 446224 |a BIBING |b BIBING |d 2019-11-22 |i 4810821 |o 669.0282 SAN 2006 |p 4810821 |r 2025-01-20 |w 2019-11-22 |y BK |k EIQ | ||
| 952 | |0 0 |1 0 |4 0 |6 669_028200000000000_SAN_2006 |7 0 |8 A |9 446225 |a BIBING |b BIBING |d 2019-11-22 |i 481083K |o 669.0282 SAN 2006 |p 481083K |r 2025-01-20 |w 2019-11-22 |y BK |k EIQ | ||